000
00326nam a22001337a 4500
008
170606b xxu||||| |||| 00| 0 eng d
020
_a
2900495913138
041
_a
eng
080
_2
5 ED
_a
94
100
_a
18
101
_a
SHH
245
_a
THE EARTH AND ITS PEOPLES A GLOBAL HISTORY
_c
BULLIET.R.M
942
_2
udc
_c
BK
999
_c
16041
_d
16041